• 首页
  • 本馆介绍
  • 公告通知
  • 最新文献
  • 馆藏检索
  • 电子资源
  • 读者导购
  • 参考咨询
  • 我的图书馆
  • 登录
  • 详细信息显示
  • 放入我的书架
  • 预约/预借图书
  • 作者相关作品
  • 分类相关作品
  • 丛书相关作品
  • 出版社相关作品

书目信息

  • 表格格式
  • 工作单格式
  • 卡片格式
题名:
测量电子电路设计
    
 
作者: 远坂俊昭 著 ;彭军 译
分册:   模拟篇
出版信息: 北京   科学出版社  2006
页数: 155页
开本: 24cm
丛书名: 图解实用电子技术丛书
单 册:
中图分类: TN702 , TN722.02
科图分类:
主题词: 电子电路--电路设计 , 放大器--模拟电路--电路设计 , 电子电路 , 电路设计 , 放大器 , 模拟电路
电子资源:
ISBN: 7-03-017161-6
000 01502oam2 2200361 450
001 003198626
005 20070805112258.92
010    @a7-03-017161-6@dCNY26.00
035    @a003198626
100    @a20060529e20072006em y0chiy0110 ea
101 1  @achi@cjpn
102    @aCN@b110000
105    @aa z 000yy
106    @ar
200 1  @a测量电子电路设计@Ace liang dian zi dian lu she ji@i模拟篇@Imo ni pian@e从OP放大器实践电路到微弱信号的处理@Econg OP fang da qi shi jian dian lu dao wei ruo xin hao de chu li@f(日)远坂俊昭著@F( ri ) yuan ban jun zhao zhu@g彭军译@Gpeng jun yi
210    @a北京@c科学出版社@d2006@h2007重印
215    @a155页@c图@d24cm
225 2  @a图解实用电子技术丛书@Atu jie shi yong dian zi ji shu cong shu
330    @a本书的主题是“噪声”和“负反馈”,共分为6章。第1至3章讨论电路内部所产生的噪声;第5、6章介绍了抑制外来噪声的电路技术。第四章详细地介绍了负反馈电路的基本分析方法以及实现稳定的放大器的负反馈设计方法。
461  0 @1001003066906@12001 @a图解实用电子技术丛书
517 1  @a从OP放大器实践电路到微弱信号的处理@AcongO P fang da qi shi jian dian lu dao wei ruo xin hao de chu li
606 0  @a电子电路@x电路设计
606 0  @a放大器@x模拟电路@x电路设计
606 0  @a电子电路
606 0  @a电路设计
606 0  @a放大器
606 0  @a模拟电路
690    @aTN702@v4
690    @aTN722.02@v4
701  0 @c(日)@a远坂俊昭@Ayuan ban jun zhao@f(1949~)@4著
702  0 @a彭军@Apeng jun@f(1943~)@4译
801  0 @aCN@bNLC@c20070805
905    @dTN702@e240@f5
    
    测量电子电路设计.模拟篇:从OP放大器实践电路到微弱信号的处理/(日)远坂俊昭著/彭军译.-北京:科学出版社,2006(2007重印)
    155页:图;24cm.-(图解实用电子技术丛书)
    
    
    ISBN 7-03-017161-6:CNY26.00
    本书的主题是“噪声”和“负反馈”,共分为6章。第1至3章讨论电路内部所产生的噪声;第5、6章介绍了抑制外来噪声的电路技术。第四章详细地介绍了负反馈电路的基本分析方法以及实现稳定的放大器的负反馈设计方法。
●
相关链接 在E读中查询图书 在五车中查询图书 在当当中查询图书 在豆瓣中查询图书


正题名:测量电子电路设计     索取号:TN702/240         预约/预借

序号 登录号 条形码 馆藏地/架位号 状态 备注
1 0851438   208514384   第二样本阅览室/ [索取号:TN702/240] 在馆    
2 0851439   208514393   第三借阅区/ [索取号:TN702/240] 在馆    
3 0851440   208514400   第三借阅区/ [索取号:TN702/240] 在馆    
4 0851441   208514419   第三借阅区/ [索取号:TN702/240] 在馆    
5 0851442   208514428   第三借阅区/ [索取号:TN702/240] 在馆    
唐山师范学院图书馆 欢迎您!
大连网信软件有限公司© 版权所有